000 00800nas a2200253 4500
001 BR0802051
003 BR-BrBNA
005 20231205111912.0
007 ta
008 230509b bl.|||p| |||| 00| 00por d
040 _aBR-BrBNA
_bpor
_cBiblioteca Nacional de Agricultura
041 _a(Pt)
072 _aL60; L50
100 1 _aCasagrande, M.M.
100 1 _aMielke, O.H.H.
245 1 _aLarva de quinto estádio e pupa de Dasyophthalma rusina rusina (Godart)(lepidoptera, Nymphalidae, Brassolinae)
650 _aINSETO
650 _aPUPA
650 _aTAXONOMIA ANIMAL
650 _aFISIOLOGIA ANIMAL
773 0 _tRevista Brasileira de Zoologia (Brazil)
_xISSN 0101-8175
_g(Jun 2000), v. 17(2) p. 401-404
_wBR0802051
909 _a202311
_bLúcia
_c55
_dLúcia Elande
942 _2AGRIS
_n0
_cANA
999 _c195044
_d195044